| Tag |
First Indicator |
Second Indicator |
Subfields |
| LEADER |
00000cam a2200000Ka 4500 |
| 001 |
in00002455708 |
| 005 |
20211202191754.0 |
| 007 |
he bmb024bbca |
| 008 |
090604s1987 inu b f000 0 eng d |
| 035 |
|
|
|a (OCoLC)ocn370379891
|
| 037 |
|
|
|a N 87-20289
|b NASA
|
| 040 |
|
|
|a GPO
|c GPO
|d MvI
|d UtOrBLW
|
| 049 |
|
|
|a UMIC
|a WWW
|
| 074 |
|
|
|a 0830-H-14 (MF)
|
| 074 |
|
|
|a 0830-H-14 (online)
|
| 086 |
0 |
|
|a NAS 1.26:180656
|
| 100 |
1 |
|
|a Drajeske, M. H.
|
| 245 |
1 |
0 |
|a Analysis of NLR configurations using OCM for pilot modeling.
|
| 264 |
|
1 |
|a West Lafayette, Ind. :
|b Purdue University, School of Aeronautics and Astronautics ;
|a [Washington, D.C.] :
|b [National Aeronautics and Space Administration],
|c [1987]
|
| 300 |
|
|
|a 1 volume
|
| 336 |
|
|
|a text
|b txt
|2 rdacontent
|
| 337 |
|
|
|a microform
|b h
|2 rdamedia
|
| 338 |
|
|
|a microfiche
|b he
|2 rdacarrier
|
| 490 |
1 |
|
|a NASA-CR ;
|v 180656
|
| 530 |
|
|
|a Also available via Internet from the NTRS web site. Address as of 06/03/09: http://ntrs.nasa.gov/archive/nasa/casi.ntrs.nasa.gov/19870010856%5F1987010856.pdf ; current access is available via PURL.
|
| 533 |
|
|
|a Microfiche.
|b [Washington, D.C. :
|c National Aeronautics and Space Administration],
|d 1987.
|e 2 microfiches.
|
| 500 |
|
|
|a Microform.
|
| 650 |
|
7 |
|a Aircraft configurations.
|2 nasat
|
| 650 |
|
7 |
|a Aircraft performance.
|2 nasat
|
| 650 |
|
7 |
|a Controllability.
|2 nasat
|
| 650 |
|
7 |
|a Optimal control.
|2 nasat
|
| 650 |
|
7 |
|a Pilot performance.
|2 nasat
|
| 776 |
0 |
|
|a Drajeske, M. H.
|t Analysis of NLR configurations using OCM for pilot modeling.
|h 1 v.
|w (OCoLC)370377741
|
| 710 |
2 |
|
|a Purdue University.
|b School of Aeronautics and Astronautics.
|
| 710 |
1 |
|
|a United States.
|b National Aeronautics and Space Administration.
|
| 830 |
|
0 |
|a NASA contractor report ;
|v NASA CR-180656.
|
| 856 |
4 |
1 |
|u https://purl.fdlp.gov/GPO/LPS113381
|t 0
|
| 999 |
|
|
|a MARS
|
| 999 |
f |
f |
|s 4f681115-0455-3292-a3f4-ab7c7d1e6d9a
|i d30089d6-b2a5-3c37-b67f-f58d4bfd0dca
|t 0
|
| 952 |
f |
f |
|a Texas A&M University
|b College Station
|c Electronic Resources
|d Available Online
|t 0
|e NAS 1.26:180656
|h Superintendent of Documents classification
|
| 998 |
f |
f |
|a NAS 1.26:180656
|t 0
|l Available Online
|